000 00356cam a22001097a 4500
008 180718b1974 xxu||||| |||| 00| 0 eng d
082 _aR175x42 Un3u
245 _aUnqualified , untrained and unemployed: report
_cby Deparment of Employment
260 _aLondon
_bHer Majesty's Stationery Office
_c1974
300 _a89p
700 _aU.K. Deparment of Employment
999 _c495899
_d495899